000 00528nam a2200169Ia 4500
003 GCL
008 140319s9999 xx 000 0 ara d
040 _aGCL /
_cGCL
082 0 4 _a657.863
_bف م
100 1 _aفؤاد السيد المليجى
245 1 0 _aالمحاسبة فى الانشطة الزراعية /
_cفؤاد السيد المليجى
260 _a[S.N] :
_bمؤسسة شباب الجامعة ،
_c1993
300 _a315 ص
490 _a
650 0 4 _aالمحاسبة الزراعية
942 _2ddc
_cBK
999 _c57704
_d57704